Capacités de type Eau - Statistiques

Statistiques générales
  • Ce quiz a été pris 76 fois
  • Le résultat moyen est 18 sur 31
Statistiques - réponses
Puiss. Préc Classe Effets (hors dégâts) Capacités % Correct
110 80 Spécial X Hydrocanon
96%
90 100 Spécial X Surf
94%
X X Statut Invoque la Pluie Danse Pluie
89%
80 100 Physique 20% d'apeurer la cible Cascade
87%
40 100 Spécial X Pistolet à O
85%
65 100 Spécial Peut baisser la Vitesse Bulles d'O
79%
35 85 Spécial Piège la cible et enlève 1/8 PV max (4 à 5 tours) Siphon
79%
80 100 Spécial Peut brûler et dégeler la cible Ebullition
77%
40 100 Spécial Peut baisser la Vitesse Ecume
77%
60 100 Spécial Peut rendre confus Vibraqua
77%
40 100 Physique Attaque en Premier Aqua-Jet
75%
80 100 Physique Attaque en 2 tours Plongée
68%
X X Statut Récupère 1/16 PV Max fin de chaque tours Anneau Hydro
66%
150 90 Spécial Immobilise le lanceur au prochain tour Hydroblast
66%
X 100 Spécial Dégâts dépendent des PV du lanceur Giclédo
58%
65 100 Spécial Puissance X2 si ennemi à moins de 50% PV Saumure
55%
X X Statut Affaiblit puissance attaque Feu Tourniquet
55%
80 100 Spécial Effet particulier combinés à des attaques dela même famille Aire d'Eau
53%
X X Statut Donne le type Eau à La cible Détrempage
51%
90 85 Spécial Peut baisser la précision (30%) Ocroupi
51%
90 90 Physique X Hydroqueue
47%
X X Statut +1 Défense Repli
45%
15 100 Spécial Attaque de 2 à 5 tours, toujours en 1er Sheauriken
45%
110 95 Spécial Peut brûler et dégeler la cible Jet de Vapeur
43%
75 95 Physique 50% chance baisser la Def Coquilame
42%
85 100 Physique 20% baisser la Def de la cible Aqua-Brèche
32%
90 100 Spécial Soigne brûlure cible Aria de l'Ecume
32%
110 85 Spécial X Onde Originelle
30%
100 90 Physique Fort taux de critique Pince-Masse
30%
75 85 Physique Piège la cible et enlève 1/16 PV max (2 à 5 tours) Claquoir
28%
65 85 Spécial Peut baisser la précision (50%) Octazooka
25%
Aucun quiz correspondant
Distribution des résultats
% des personnes avec chaque résultat
Percentile par nombre de réponses
Votre historique - résultats
Vous n’avez pas pris ce quiz